000 00864nam a22002177a 4500
003 BD-DhUL
005 20241001120350.0
008 241001s2017 bg a|||| |||| 00| 0 eng d
020 _a9789849277552 (Hbk)
040 _aBD-DhUL
_cBD-DhUL
082 _a891.44
_bCHB
100 1 0 _aচৌধুরী , বুলবুল
245 _aবুলবুল চৌধুরী রচনাসমগ্র /
_cবুলবুল চৌধুরী; সম্পাদক শেখ মেহেদী হাসান ।
260 _aঢাকা :
_bঅণ্বেষা,
_c২০১৭ ।
300 _a২৫৬ পৃ. :
_bচিত্র. ;
_c২২ সেমি
365 _aBDT
_b400
650 _aবাংলা সাহিত্য
650 _aBangali literature
700 1 0 _aহাসান, শেখ মেহেদী
_eed
942 _2ddc
_cBK
999 _c259618
_d259618